000 00538nam a2200145Ia 4500
003 OSt
005 20260121102659.0
008 211028s2014 xx 000 0 und d
040 _cAIMIT LIBRARY
041 _aeng
100 _aAziz, Shahdiya Abdul; Coth, Fr kIRAN.
_g1216119
_97231
245 _aEffective performance appraisal: a study into the relationship between employer satisfaction and optimizing business results in Badr Al Rabie dispensary, Dammam Saudi Arabia /
260 _aMangalore
_bFr Kiran Coth
_c2014
942 _2ddc
_cPRO
999 _c218801
_d218801